000
00283nam a2200109Ia 4500
008
230907s9999||||xx |||||||||||||| ||und||
082
_a
330.03
_b
NEW
245
4
_a
The new Palgrave dictionary of economics /
300
_a
20 volumes :
650
_a
Dictionaries.
_9
115722
942
_c
BK
999
_c
599236
_d
599236